| 000 | 01286cam a2200253 4500 | ||
|---|---|---|---|
| 001 | L137363 | ||
| 002 | 16405 | ||
| 008 | 070330s2006 xxk f 000 0 eng d | ||
| 020 |
_a1859462499 _a9781859462492 |
||
| 035 | _a(Sirsi) u137363 | ||
| 041 | 0 | _aeng | |
| 050 | 0 | 4 | _a658.022 $2 18 |
| 100 | 1 | _aFoxell, Simon | |
| 245 | 0 | 0 |
_aGood practice guide _bstarting a practice _ba plan of work |
| 260 |
_aLondon _bRIBA _c2006 |
||
| 300 |
_a155p. _c25cm. |
||
| 350 | _a15 | ||
| 490 | 0 | _aRIBA Good Practice Guide Series | |
| 505 | 2 | _aAppraisal and feasibility -- Preparing the brief -- The outline business case -- Running the business -- Setting up the business -- Getting noticed -- Winning work -- Appointments and fees -- Working -- Keeping going -- Evaluation and looking ahead -- Bibliography and websites | |
| 520 | _aA comprehensive guide covering the issues and steps involved in setting up and running an architectural practice. Looks at the different forms of practice, where to set up an office, how to draw up a business plan, what professional advice to seek, and obstacles to clear to incorporate the firm. Also explains how to look after finances, deal with staff, and win work. | ||
| 651 | 4 |
_aUnited Kingdom _y |
|
| 690 | _aMANAGEMENT-BUSINESS MANAGEMENT | ||
| 942 | _n0 | ||
| 999 |
_c106748 _d106748 |
||